00858cam a22002891 4500001001300000003000400013005001700017008004100034010002200075025001900097043002100116050001900137082001300156110003900169245003500208260002200243300003100265350001200296490003000308500006100338504003000399651002800429651002800457651003200485710003400517999001700551sa 68001301 DLC20260227112432.0710927s1967 ii b b 00000 eng  asa 68001301 //r88 aPL480:I-E-8690 aa-ii---af-sj---0 aHF3788.S89bI5 a330.962420aIndian Institute of Foreign Trade.10aExport market report on Sudan.1 aNew Delhi,c1967. axliv, 349 p.bmap.c27 cm. aRs14.250 aIts Country survey report a"Prepared for the Ministry of Commerce, Govt. of India." aBibliography: p. 348-349. 0aIndiaxCommercezSudan. 0aSudanxCommercezIndia. 0aSudanxEconomic conditions.10aIndia.bMinistry of Commerce. c77864d77864